Parvīn Shākir : (Record no. 332422)

000 -LEADER
fixed length control field 01702cam a2200421 i 4500
001 - CONTROL NUMBER
control field 18301587
003 - CONTROL NUMBER IDENTIFIER
control field NUST
005 - DATE AND TIME OF LATEST TRANSACTION
control field 20171205094206.0
008 - FIXED-LENGTH DATA ELEMENTS--GENERAL INFORMATION
fixed length control field 140915s2014 pk a 000 0burd
010 ## - LIBRARY OF CONGRESS CONTROL NUMBER
LC control number 2014310123
020 ## - INTERNATIONAL STANDARD BOOK NUMBER
International Standard Book Number 9789698794040
025 ## - OVERSEAS ACQUISITION NUMBER
Overseas acquisition number P-U-2014310123; 15
037 ## - SOURCE OF ACQUISITION
Source of stock number/acquisition Library of Congress -- Islamabad Overseas Office
Terms of availability Rs 460.00
040 ## - CATALOGING SOURCE
Original cataloging agency DLC
Language of cataloging eng
Description conventions rda
Transcribing agency DLC
042 ## - AUTHENTICATION CODE
Authentication code lcode
-- pcc
043 ## - GEOGRAPHIC AREA CODE
Geographic area code a-pk---
050 00 - LIBRARY OF CONGRESS CALL NUMBER
Classification number PK2200.P3459
Item number Z695 2014
066 ## - CHARACTER SETS PRESENT
Alternate G0 or G1 character set (3
-- (4
082 ## - DEWEY DECIMAL CLASSIFICATION NUMBER
Classification number 891.43092
Author Mark JAV
100 1# - MAIN ENTRY--PERSONAL NAME
Linkage 880-01
Personal name Jāved, Rafāqat,
Relator term author.
9 (RLIN) 6934
245 10 - TITLE STATEMENT
Linkage 880-02
Title Parvīn Shākir :
Remainder of title jesā men̲ ne dekhā /
Statement of responsibility, etc. Rafāqat Jāved.
264 #1 - PRODUCTION, PUBLICATION, DISTRIBUTION, MANUFACTURE, AND COPYRIGHT NOTICE
Linkage 880-03
Place of production, publication, distribution, manufacture Islāmābād :
Name of producer, publisher, distributor, manufacturer Parvīn Shākar Ṭrasṭ,
Date of production, publication, distribution, manufacture, or copyright notice 2014.
300 ## - PHYSICAL DESCRIPTION
Extent 228 pages :
Other physical details illustrations ;
Dimensions 22 cm
336 ## - CONTENT TYPE
Content type term text
Source rdacontent
337 ## - MEDIA TYPE
Media type term unmediated
Source rdamedia
338 ## - CARRIER TYPE
Carrier type term volume
Source rdacarrier
520 ## - SUMMARY, ETC.
Summary, etc. Biography of Parvīn Shākir, a noted Urdu poet.
546 ## - LANGUAGE NOTE
Language note In Urdu.
600 00 - SUBJECT ADDED ENTRY--PERSONAL NAME
Linkage 880-04
Personal name Parvīn Shākir.
9 (RLIN) 6935
650 #0 - SUBJECT ADDED ENTRY--TOPICAL TERM
Topical term or geographic name entry element Women poets, Urdu
Geographic subdivision Pakistan
Form subdivision Biography.
9 (RLIN) 6936
710 2# - ADDED ENTRY--CORPORATE NAME
Linkage 880-05
Corporate name or jurisdiction name as entry element Parvīn Shākir Ṭrasṭ.
9 (RLIN) 6937
880 1# - ALTERNATE GRAPHIC REPRESENTATION
Linkage 100-01/(3/r‏
Title ‏جاويد، رفاقت،‏
880 10 - ALTERNATE GRAPHIC REPRESENTATION
Linkage 245-02/(4/r‏
Title ‏پروين شاکر :‏
b ‏جيسا ميں نے ديکھا /‏
c ‏رفاقت جاويد.
880 #1 - ALTERNATE GRAPHIC REPRESENTATION
Linkage 264-03/(3/r‏
Title ‏اسلام‌آباد :‏
b ‏پروين شاکر ٹرسٹ،‏
c ‏‪2014‬.
880 04 - ALTERNATE GRAPHIC REPRESENTATION
Linkage 600-04/(4/r‏
Title ‏پروين شاکر.
880 2# - ALTERNATE GRAPHIC REPRESENTATION
Linkage 710-05/(4/r‏
Title ‏پروين شاکر ٹرسٹ.
906 ## - LOCAL DATA ELEMENT F, LDF (RLIN)
a 7
b cbc
c origode
d 3
e ncip
f 20
g y-nonroman
942 ## - ADDED ENTRY ELEMENTS (KOHA)
Source of classification or shelving scheme
Koha item type Book
Holdings
Withdrawn status Lost status Source of classification or shelving scheme Damaged status Not for loan Permanent Location Current Location Shelving location Date acquired Total Checkouts Full call number Barcode Date last seen Date last checked out Copy number Price effective from Koha item type
          Central Library (CL) Central Library (CL) Fiction 12/05/2017 1 891.43092 JAV CL3173 02/22/2025 11/26/2024 1 12/05/2017 Book
© 2023 Central Library, National University of Sciences and Technology. All Rights Reserved.